Criminal responsibility in English and Islamic law /
محفوظ في:
| المؤلف الرئيسي: | |
|---|---|
| التنسيق: | أطروحة كتاب |
| اللغة: | English |
| منشور في: |
1982.
|
| الموضوعات: | |
| الوسوم: |
إضافة وسم
لا توجد وسوم, كن أول من يضع وسما على هذه التسجيلة!
|
| LEADER | 01087cam a2200289 a 4500 | ||
|---|---|---|---|
| 001 | u109090 | ||
| 003 | SIRSI | ||
| 008 | 910911s1982 uk v 00 1 eng | ||
| 035 | |a AAL-9258 | ||
| 040 | |d UMM UMA | ||
| 043 | |a e-uk-en | ||
| 090 | |a BP158 |b C9Mahzam | ||
| 094 | |a BP159 |b C9Mahzam | ||
| 100 | 0 | 0 | |a Mahmood Zuhdi Haji Abdul Majid. |
| 245 | 1 | 0 | |a Criminal responsibility in English and Islamic law / |c by Mahmood Zuhdi bin Haji Abdul Majid. |
| 260 | |c 1982. | ||
| 270 | |a Universiti Malaya. Akademi Pengajian Islam. Jabatan Fiqh dan Usul. | ||
| 300 | |a xv, 308 leaves ; |c 31 cm. | ||
| 500 | |a AIUM. | ||
| 502 | |a Dissertation (M.Phil.) -- University of Kent, Canterbury, 1982. | ||
| 504 | |a Bibliography: leaves 298-308. | ||
| 650 | 0 | |a Criminal liability (Islamic law) | |
| 650 | 0 | |a Criminal liability |z England. | |
| 948 | |a 11/09/1991 |b 03/09/2002 | ||
| 596 | |a 1 18 | ||
| 999 | |a BP158 C9MAHZAM |w LC |c 1 |i A507345386 |d 18/3/2011 |e 18/3/2011 |l STACKS |m P01UTAMA |n 2 |r Y |s Y |t TESIS |u 26/2/1998 | ||
| 999 | |a BP158 C9MAHZAM |w LC |c 1 |i A506900312 |d 22/12/2002 |l RESERVES |m P18ISLPURI |n 1 |r Y |s Y |t TESIS |u 13/8/2001 | ||
